000 00396nam a22001337a 4500
008 140211b xxu||||| |||| 00| 0 eng d
050 _aBS2595.3.E24 2007
100 _aEdmonds, Peter
_98597
245 _aRediscover Jesus /
_cPeter Edmonds
260 _aSuffolk
_bKevin Mayhew LTD
_c2007
300 _a141p. ; 20cm
650 _aBible NT. Luke - Commentaries
_98598
942 _2lcc
_cMONOGRAPH
999 _c120032
_d120032